00330nam a2200133Ia 4500008004100000041000800041082001400049100001700063245002900080250001400109260003800123300002400161365001100185240624s9999 xx 000 0 und d aeng a658.8 FAH aJOBBER DAVID aFOUNDATIONS OF MARKETING a(4th ed.) c2012aNew DelhibTata McGraw-Hill a359 : p. : cm. ; 28 cRSb33